000 00819nam a2200253 a 4500
001 000027773
003 DO-SdBNP
005 20240314181436.0
007 ta
008 110404s1986 dr 000 | spa d
040 _aDO-SdBNP
_bspa
_cBNPHU
082 4 _bA516p, 1986
_222
100 1 _aAmiama, Manuel A.
_d1899-1991
_98438
245 1 3 _aEl periodismo en la República Dominicana /
_cManuel A. Amiama ; prólogo de Francisco Prats-Ramírez ; presentación de César Herrera.
250 _a2a ed.
260 _aSanto Domingo :
_bONAP,
_c1986.
300 _a95 p. ;
_c21 cm.
490 1 _aFeria del Libro
_v10
590 _aInventariado,2018/DG
700 1 _aPrats-Ramírez, Francisco,
_epról.
_952032
700 1 _aHerrera, César,
_epresent.
_954850
830 0 _aFeria del Libro;
_v10
_953322
942 _2ddc
_cLBS1
999 _c27265
_d27265